header

Professional Enterprise .NET (Record no. 48698)

MARC details
000 -LEADER
fixed length control field 01116nam a2200301Ia 4500
100 1# - MAIN ENTRY--AUTHOR NAME
Personal name Arking, Jon,
245 10 - TITLE STATEMENT
Title Professional Enterprise .NET
260 ## - PUBLICATION, DISTRIBUTION, ETC. (IMPRINT)
Place of publication Indianapolis, IN :
Name of publisher Wiley,
Year of publication 2009.
300 ## - PHYSICAL DESCRIPTION
Number of Pages xxvii, 474 p. :
Other physical details ill.
500 ## - GENERAL NOTE
General note Includes index.
650 #0 - SUBJECT ADDED ENTRY--TOPICAL TERM
Topical Term Microsoft .NET.
Topical Term C# (Computer program language)
700 1# - ADDED ENTRY--PERSONAL NAME
Personal name Millett, Scott.
856 40 - ELECTRONIC LOCATION AND ACCESS
Uniform Resource Identifier http://site.ebrary.com/lib/rucke/Doc?id=10344190

No items available.

© 2026 Rongo University
Contact us: librarian | system librarian | Rongo university